|
|
|
|
| LEADER |
00000naa2a2200000 4500 |
| 001 |
611301 |
| 005 |
20231101132642.0 |
| 035 |
|
|
|a (RuTPU)RU\TPU\conf\9037
|
| 035 |
|
|
|a RU\TPU\conf\9036
|
| 090 |
|
|
|a 611301
|
| 100 |
|
|
|a 20150303d2014 k y0rusy50 ca
|
| 101 |
0 |
|
|a rus
|
| 102 |
|
|
|a RU
|
| 105 |
|
|
|a y z 101zy
|
| 135 |
|
|
|a drgn ---uucaa
|
| 181 |
|
0 |
|a i
|
| 182 |
|
0 |
|a b
|
| 200 |
1 |
|
|a Глобальная продовольственная проблема и пути ее решения на примере компании "Монсанто"
|f А. О. Оденцева
|g науч. рук. В. В. Гузырь
|
| 203 |
|
|
|a Текст
|c электронный
|
| 225 |
1 |
|
|a Концепции управления в современной экономике
|
| 230 |
|
|
|a 1 компьютерный файл (pdf; 408 Kb)
|
| 300 |
|
|
|a Заглавие с титульного экрана
|
| 320 |
|
|
|a [Библиогр.: с. 145-149 (5 назв.)]
|
| 337 |
|
|
|a Adobe Reader
|
| 461 |
|
1 |
|0 (RuTPU)RU\TPU\conf\8514
|t Ресурсоэффективные системы в управлении и контроле: взгляд в будущее
|o сборник научных трудов III Международной конференции школьников, студентов, аспирантов, молодых ученых, 06 - 11 октября 2014 г.
|o в 4 ч.
|f Национальный исследовательский Томский политехнический университет (ТПУ)
|d 2014
|
| 463 |
|
0 |
|0 (RuTPU)RU\TPU\conf\8521
|t Ч. 4
|v [С. 145-149]
|d 2014
|
| 610 |
1 |
|
|a труды учёных ТПУ
|
| 610 |
1 |
|
|a электронный ресурс
|
| 610 |
1 |
|
|a продовольственные проблемы
|
| 610 |
1 |
|
|a продовольственная безопасность
|
| 610 |
1 |
|
|a эффективные технологии
|
| 610 |
1 |
|
|a геномы
|
| 610 |
1 |
|
|a перенаселение
|
| 700 |
|
1 |
|a Оденцева
|b А. О.
|
| 702 |
|
1 |
|a Гузырь
|b В. В.
|c экономист
|c доцент Томского политехнического университета, кандидат экономических наук
|f 1979-
|g Владимир Васильевич
|2 stltpush
|4 727
|
| 712 |
0 |
2 |
|a Национальный исследовательский Томский политехнический университет (ТПУ)
|b Институт социально-гуманитарных технологий (ИСГТ)
|b Кафедра экономики (ЭКОН)
|h 149
|2 stltpush
|3 (RuTPU)RU\TPU\col\18375
|
| 801 |
|
2 |
|a RU
|b 63413507
|c 20150303
|g RCR
|
| 856 |
4 |
|
|u http://www.lib.tpu.ru/fulltext/c/2014/C47/V4/034.pdf
|
| 942 |
|
|
|c BK
|